| 000 | 01005naa a22003137a 4500 | ||
|---|---|---|---|
| 001 | BR7703837 | ||
| 003 | BR-BrBNA | ||
| 005 | 20240918174019.0 | ||
| 007 | ta | ||
| 008 | 230509b bl.||||| |||| 00| 0 por d | ||
| 040 |
_aBR-BrBNA _bpor _cBiblioteca Nacional de Agricultura |
||
| 041 | _a(Pt) | ||
| 072 |
_aE10 _b/G514 |
||
| 090 | _aE10 BR7703837 | ||
| 100 | 1 | _aAlmeida, M.T.B. de | |
| 100 | 1 | _aSteffan, E.R. | |
| 245 | 1 | _aIndustria [Regiao Norte; Brasil] | |
| 260 | 3 |
_aRio de Janeiro, RJ (Brasil): _c1977. |
|
| 500 | _aGeografia do Brasil. Regiao Norte Rio de Janeiro, RJ (Brasil): 1977. v. 1 p. 395-423 (BR7703837-AM)E10 | ||
| 650 | _aMacroeconomia | ||
| 650 | _aIndustrializacao | ||
| 650 | _aDesenvolvimento economico | ||
| 650 | _aRenda | ||
| 650 | _aDesenvolvimento industrial | ||
| 650 | _aNorte | ||
| 773 | 0 |
_tGeografia do Brasil. Regiao Norte _wE10 BR7703837 _gRio de Janeiro, RJ (Brasil), 1977. v. 1 p. 395-423 |
|
| 909 |
_a202404 _bLucia _c55 _dLucia Elande |
||
| 942 |
_cAM _2AGRIS |
||
| 999 |
_c308338 _d308338 |
||